书目信息 |
| 题名: |
无土栽培
|
|
| 作者: | 冷鹏 主编 | |
| 分册: | ||
| 出版信息: | 北京 化学工业出版社 2015.09 |
|
| 页数: | 211页 | |
| 开本: | 21cm | |
| 丛书名: | 绿色农业技术推广丛书 | |
| 单 册: | ||
| 中图分类: | S317 | |
| 科图分类: | ||
| 主题词: | 无土栽培--wu tu zai pei | |
| 电子资源: | ||
| ISBN: | 978-7-122-24860-2 | |
| 000 | 00863nam 2200253 450 | |
| 001 | 0106081836 | |
| 005 | 20201106082045.0 | |
| 010 | @a978-7-122-24860-2@dCNY25.00 | |
| 100 | @a20160109e20192015em y0chiy50 ea | |
| 101 | 0 | @achi |
| 102 | @aCN@b110000 | |
| 105 | @aa z 000yy | |
| 106 | @ar | |
| 200 | 1 | @a无土栽培@Awu tu zai pei@f冷鹏主编 |
| 210 | @a北京@c化学工业出版社@d2015.09@h2019.08 | |
| 215 | @a211页@c图, 照片@d21cm | |
| 225 | 2 | @a绿色农业技术推广丛书@Alv se nong ye ji shu tui guang cong shu |
| 330 | @a本书主要包括无土栽培设施选择和建造、环境条件要求和温湿度调控、基质选用和营养液配制、工厂化无土栽培生产与经营、蔬菜和花卉的无土栽培等。 | |
| 461 | 0 | @12001 @a绿色农业技术推广丛书 |
| 606 | 0 | @a无土栽培@Awu tu zai pei |
| 690 | @aS317@v5 | |
| 701 | 0 | @a冷鹏@Aleng peng@4主编 |
| 801 | 0 | @aCN@bBJSZM@c20201106 |
| 905 | @b1192820-3@dS317@e75@f4 | |
| 无土栽培/冷鹏主编.-北京:化学工业出版社,2015.09(2019.08) |
| 211页:图, 照片;21cm.-(绿色农业技术推广丛书) |
| ISBN 978-7-122-24860-2:CNY25.00 |
| 本书主要包括无土栽培设施选择和建造、环境条件要求和温湿度调控、基质选用和营养液配制、工厂化无土栽培生产与经营、蔬菜和花卉的无土栽培等。 |
| ● |
| 相关链接 |
|
|
|
|
正题名:无土栽培
索取号:S317/75
 
预约/预借
| 序号 | 登录号 | 条形码 | 馆藏地/架位号 | 状态 | 备注 |
| 1 | 1192820 | 211928208 | 第二样本阅览室/ [索取号:S317/75] | 在馆 | |
| 2 | 1192821 | 211928217 | 第三借阅区/ [索取号:S317/75] | 在馆 | |
| 3 | 1192822 | 211928226 | 第三借阅区/ [索取号:S317/75] | 在馆 | |
| 4 | 1192823 | 211928235 | 第三借阅区/ [索取号:S317/75] | 在馆 |